01473nam a2200349Ia 4500001001200000003000800012006001900020007001500039008004100054010001700095020003900112040002100151035002100172050002600193082002100219100002100240245015900261250001200420260004800432300004200480504005100522533015200573650002900725650004300754650005700797650003300854655002900887700004700916710001700963856012600980999001701106ebr10338590CaPaEBRm u cr cn|||||||||081230s2009 txuab sb 001 0 eng d z 2008053783 z9780292719835 (cloth : alk. paper) aCaPaEBRcCaPaEBR a(OCoLC)50118293814aHV9475.T4bT78 2009eb04a363/.97640892221 aTrulson, Chad R.10aFirst available cellh[electronic resource] :bdesegregation of the Texas prison system /cChad R. Trulson, James W. Marquart ; foreword by Ben M. Crouch. a1st ed. aAustin :bUniversity of Texas Press,c2009. axxiii, 277 p., [24] p. :bill., maps. aIncludes bibliographical references and index. aElectronic reproduction.bPalo Alto, Calif. :cebrary,d2009.nAvailable via World Wide Web.nAccess may be limited to ebrary affiliated libraries. 0aPrisonszTexasxHistory. 0aPrison administrationzTexasxHistory. 0aPrisonersxLegal status, laws, etc.zTexasxHistory. 0aSegregationzTexasxHistory. 7aElectronic books.2local1 aMarquart, James W.q(James Walter),d1954-2 aebrary, Inc.40uhttp://site.ebrary.com/lib/rucke/Doc?id=10338590zAn electronic book accessible through the World Wide Web; click to view c47776d47776